|
|
|
|
| LEADER |
00000cam a2200000 a 4500 |
| 001 |
vtls009799038 |
| 003 |
SK-MaSNL |
| 005 |
20260301130307.0 |
| 008 |
251120s2007 xo a rj f000 0 slo |
| 013 |
|
|
|a 285715
|b hu
|c patent
|d 20070607
|e dátum nadobudnutia účinkov patentu (Vestník ÚPV SR č.: 6/2007)
|d 20070601
|e dátum sprístupnenia patentu
|
| 013 |
|
|
|a 566-2003
|e číslo prihlášky
|d 20011114
|e dátum podania prihlášky
|d 20031007
|e dátum zverejnenia prihlášky (Vestník ÚPV SR č.: 10/2003)
|
| 013 |
|
|
|a P 0004701
|e číslo prioritnej prihlášky
|d 20001123
|e dátum podania prioritnej prihlášky
|b HU
|e kód krajiny prioritnej prihlášky
|
| 015 |
|
|
|a SNBN2014
|
| 035 |
|
|
|a (SVKBBclas03)vtls000263835
|
| 040 |
|
|
|a SNK
|b slo
|c SNK
|e AACR2
|
| 041 |
0 |
|
|a slo
|
| 044 |
|
|
|a xo
|c SK
|
| 072 |
|
7 |
|a 66
|x Chemický priemysel. Chemická technológia
|2 konspekt
|
| 072 |
|
7 |
|a 615
|x Farmácia. Farmakológia
|2 konspekt
|
| 080 |
|
|
|a 66
|2 2001
|
| 080 |
|
|
|a 615.012/.014
|2 2001
|
| 080 |
|
|
|a 615.2/.3
|2 2001
|
| 080 |
|
|
|a 615.218
|2 2001
|
| 084 |
|
|
|a C07D 401/00
|2 IPC
|
| 084 |
|
|
|a A61K 31/445
|2 IPC
|
| 245 |
0 |
0 |
|a Soli desloratadínu, spôsob ich prípravy a farmaceutické prípravky s ich obsahom
|c János Fischer ... [et al.] ; patent. zást. Rott, Růžička & Guttmann, v. o. s.
|
| 260 |
|
|
|a [Banská Bystrica]
|b Úrad priemyselného vlastníctva SR
|c [2007]
|
| 300 |
|
|
|a 5 s.
|b tab.
|c 30 cm
|
| 650 |
0 |
7 |
|a chemická technológia
|2 SNKPH
|9 65015
|
| 650 |
0 |
7 |
|a farmaceutická technológia
|2 SNKPH
|9 61186
|
| 650 |
0 |
7 |
|a Chemical technology
|2 SNKPHeng
|9 265252
|
| 650 |
0 |
7 |
|a Pharmaceutical technology
|2 SNKPHeng
|9 320825
|
| 650 |
0 |
7 |
|a technológia liekov
|2 SNKPH
|9 78332
|
| 650 |
0 |
7 |
|a Drug technology
|2 SNKPHeng
|9 303428
|
| 650 |
0 |
7 |
|a liečivá
|2 SNKPH
|9 2452
|
| 650 |
0 |
7 |
|a Medicaments
|2 SNKPHeng
|9 275427
|
| 650 |
0 |
7 |
|a antialergiká
|2 SNKPH
|9 20503
|
| 650 |
0 |
7 |
|a Antiallergic agents
|2 SNKPHeng
|9 477590
|
| 650 |
0 |
7 |
|a antihistaminiká
|2 SNKPH
|9 14096
|
| 650 |
0 |
7 |
|a Antihistamines
|2 SNKPHeng
|9 164492
|
| 655 |
|
7 |
|a patenty
|2 SNKPH
|9 177343
|
| 655 |
|
7 |
|a patent licenses
|2 SNKPHeng
|9 303430
|
| 700 |
1 |
|
|a Fodor, Tamás
|4 org
|9 477591
|
| 700 |
1 |
|
|a Trischler, Ferenc
|4 org
|9 477592
|
| 700 |
1 |
|
|a Lévai, Sándor
|4 org
|9 477593
|
| 700 |
1 |
|
|a Petényi, Endréné
|4 org
|9 477594
|
| 700 |
1 |
|
|a Fischer, János
|4 org
|9 477595
|
| 710 |
2 |
|
|a Richter Gedeon Vegyészeti Gyár Rt. (Budapešť, Maďarsko)
|4 pth
|9 453355
|
| 710 |
2 |
|
|a Rott, Růžička & Guttmann (Bratislava, Slovensko)
|4 oth
|9 161299
|
| 999 |
|
|
|c 744949
|d 746879
|
| 952 |
|
|
|a SNK
|b SNK
|y PREZ
|7 0
|p 17A1119988
|o snkSK 285715
|i snk2014/24823
|8 0
|0 0
|1 0
|4 0
|d 2014-11-12
|l 0
|r 2026-02-23 23:13:14
|w 2026-02-23
|